000 00706nam a2200277Ia 4500
005 20260324113004.0
008 008 260324s9999 xx 000 0 eng d
020 _a9781003529101
037 _aEBOOK
040 _aCRL
040 _beng
040 _cCRL
041 _2eng
041 _aeng
084 _qCRL
100 _aXiaolong Li; Guolong Cui; Lingjiang Kong; Zhi Sun
_91144969
245 0 _aRadar High-Speed Target Detection via Coherent Integration Transform
260 _bTaylor and Francis
260 _c2024
365 _a
365 _b225
856 _uhttp://www.taylorfrancis.com/books/9781003529101
942 _cEBOOK
999 _c1734380
_d1734380